| 000 | 00835nam a22002417a 4500 | ||
|---|---|---|---|
| 999 |
_c64528 _d64528 |
||
| 005 | 20240530110736.0 | ||
| 008 | 180716s1990 ua g | 000 0 ara d | ||
| 017 |
_a1990/1850 _bمصر. دار الكتب |
||
| 020 | _a9771595180 | ||
| 040 |
_aEG-CaGPL _cEG-CaGPL |
||
| 082 | 0 | 4 |
_221 _a216 / _bع إ |
| 100 | 0 | _aعبدالودود شلبى | |
| 245 | 1 | 2 |
_aالاسلام وخرافة السيف / _cعبدالودود شلبى |
| 250 | _aط.2 | ||
| 260 |
_aالقاهرة : _bمؤسسة الخليج العربى، _c.1990 |
||
| 300 |
_a310 ص. ؛ _c19 سم. |
||
| 650 | 0 | 7 |
_2qrmak _aالاسلام _xدفع مطاعن |
| 650 | 0 | 7 |
_2qrmak _aالاسلام والاصلاح الاجتماعى |
| 650 | 0 | 7 |
_2qrmak _aالاسلام والمجتمع |
| 651 | _2qrmak | ||
| 942 |
_2ddc _cBK |
||